00799nam a2200205 i 4500001000700000003000900007005001700016007000300033008004100036100003000077245014500107260003700252300003000289700002600319700003200345700004500377852003100422999001900453952012100472104375ES-MaACL20230906183603.0t|051129s1965 sp ||||1| spa d1 aMillard, Nellie D.98117110aAnatomía y fisiología humanas / cNellie D. Millard, Barry G. King, Mary Jane Showers; [traducción... José Mª de Corral Saleta...]. aMadrid : bEspasa-Calpe, c1965. a670 p. : bil. ; c21 cm.1 aKing, Barry G.9680491 aShowers, Mary Jane.91061631 aCorral Saleta, José María de.940728 aES-MaACLjF-2005 bR.56807 c104375d104375 00104070aATENEOMbATENEOMcDEPO2d2008-01-17eSCl0oF-2005p1108979r2023-02-23 00:00:00w2023-02-23yMONOGRAFIA